[Event "Women's World Team Chess Championship"]
[Site "Khanty-Mansiysk, RUS."]
[Date "2017.06.26"]
[Round "9.15"]
[White "Fataliyeva Ulviyya (AZE)"]
[Black "Padmini Rout (IND)"]
[Result "0-1"]
[BlackElo "2375"]
[WhiteElo "2341"]
[LiveChessVersion "1.4.8"]

1. e4 {[%clk 1:30:58]} e5 {[%clk 1:30:47]} 2. Nf3 {[%clk 1:31:26]} Nc6
{[%clk 1:31:06]} 3. d4 {[%clk 1:31:54]} exd4 {[%clk 1:30:14]} 4. Nxd4
{[%clk 1:32:22]} Nf6 {[%clk 1:30:33]} 5. Nxc6 {[%clk 1:32:49]} bxc6
{[%clk 1:30:55]} 6. e5 {[%clk 1:33:16]} Qe7 {[%clk 1:31:10]} 7. Qe2
{[%clk 1:33:44]} Nd5 {[%clk 1:31:27]} 8. c4 {[%clk 1:34:05]} Nb6 {[%clk 1:31:14]}
9. Nd2 {[%clk 1:34:18]} Qe6 {[%clk 1:30:59]} 10. b3 {[%clk 1:34:01]} Bb4
{[%clk 1:29:25]} 11. Bb2 {[%clk 1:33:48]} O-O {[%clk 1:29:29]} 12. O-O-O
{[%clk 1:33:32]} Qe7 {[%clk 1:23:03]} 13. Qe3 {[%clk 1:19:44]} Ba3
{[%clk 1:12:02]} 14. Bd3 {[%clk 1:16:14]} a5 {[%clk 1:09:21]} 15. Qe4
{[%clk 1:11:01]} g6 {[%clk 1:09:07]} 16. Qd4 {[%clk 1:08:04]} Bxb2+
{[%clk 1:02:52]} 17. Kxb2 {[%clk 1:02:01]} c5 {[%clk 0:59:00]} 18. Qc3
{[%clk 0:58:31]} Rb8 {[%clk 0:50:14]} 19. Kc2 {[%clk 0:57:38]} Bb7
{[%clk 0:45:16]} 20. h4 {[%clk 0:51:19]} Bxg2 {[%clk 0:26:09]} 21. Rhg1
{[%clk 0:51:21]} Bc6 {[%clk 0:24:11]} 22. h5 {[%clk 0:50:44]} Qh4
{[%clk 0:17:12]} 23. hxg6 {[%clk 0:05:29]} fxg6 {[%clk 0:17:17]} 24. Bxg6
{[%clk 0:04:56]} hxg6 {[%clk 0:16:53]} 25. Qd3 {[%clk 0:05:07]} Kf7
{[%clk 0:12:09]} 26. Qxg6+ {[%clk 0:04:59]} Ke7 {[%clk 0:12:37]} 27. Rg4
{[%clk 0:04:24]} Qh8 {[%clk 0:10:48]} 28. Qg5+ {[%clk 0:03:04]} Ke8
{[%clk 0:10:12]} 29. Rdg1 {[%clk 0:00:35]} Qh7+ {[%clk 0:06:22]} 30. Kc1
{[%clk 0:00:54]} Qe7 {[%clk 0:05:16]} 31. Qh5+ {[%clk 0:00:41]} Kd8
{[%clk 0:05:12]} 32. Rg7 {[%clk 0:00:34]} Qe8 {[%clk 0:05:17]} 33. Qg5+
{[%clk 0:00:38]} Kc8 {[%clk 0:05:21]} 34. Re7 {[%clk 0:00:38]} Qd8
{[%clk 0:05:39]} 35. Qg7 {[%clk 0:00:33]} Kb7 {[%clk 0:05:40]} 36. Rg6
{[%clk 0:00:33]} Rxf2 {[%clk 0:04:27]} 37. Rf6 {[%clk 0:00:31]} Rxf6
{[%clk 0:03:24]} 38. exf6 {[%clk 0:00:53]} Qh8 {[%clk 0:03:11]} 39. Qg5
{[%clk 0:00:42]} Rf8 {[%clk 0:02:56]} 40. Rg7 {[%clk 0:31:02]} Qh1+
{[%clk 0:32:46]} 41. Kb2 {[%clk 0:30:27]} Qe1 {[%clk 0:31:55]} 42. Re7
{[%clk 0:24:22]} Qf2 {[%clk 0:31:46]} 43. Kc2 {[%clk 0:22:23]} Rxf6
{[%clk 0:31:27]} 44. Re8 {[%clk 0:20:47]} Qf5+ {[%clk 0:29:05]} 45. Qxf5
{[%clk 0:21:10]} Rxf5 {[%clk 0:29:34]} 0-1

[Event "Women's World Team Chess Championship"]
[Site "Khanty-Mansiysk, RUS."]
[Date "2017.06.26"]
[Round "9.16"]
[White "Vijayalakshmi Subbaraman (IND)"]
[Black "Balajayeva Khanim (AZE)"]
[Result "1-0"]
[BlackElo "2283"]
[WhiteElo "2375"]
[LiveChessVersion "1.4.8"]

1. d4 {[%clk 1:30:53]} d5 {[%clk 1:30:52]} 2. c4 {[%clk 1:31:09]} dxc4
{[%clk 1:31:16]} 3. Nf3 {[%clk 1:31:26]} Nf6 {[%clk 1:31:35]} 4. e3
{[%clk 1:31:40]} e6 {[%clk 1:31:49]} 5. Bxc4 {[%clk 1:31:58]} c5 {[%clk 1:32:13]}
6. O-O {[%clk 1:30:33]} a6 {[%clk 1:32:19]} 7. dxc5 {[%clk 1:20:40]} Bxc5
{[%clk 1:30:08]} 8. Qxd8+ {[%clk 1:18:29]} Kxd8 {[%clk 1:30:35]} 9. Be2
{[%clk 1:18:38]} Ke7 {[%clk 1:21:15]} 10. a3 {[%clk 1:16:39]} Nbd7
{[%clk 1:06:36]} 11. b4 {[%clk 1:14:29]} Bd6 {[%clk 1:06:10]} 12. Bb2
{[%clk 1:13:42]} b5 {[%clk 1:01:59]} 13. Nbd2 {[%clk 1:12:44]} Bb7
{[%clk 1:02:14]} 14. Nb3 {[%clk 1:12:20]} Rac8 {[%clk 0:59:31]} 15. Na5
{[%clk 1:09:51]} Bd5 {[%clk 0:55:53]} 16. Nd4 {[%clk 1:00:52]} Nb6
{[%clk 0:48:49]} 17. Rac1 {[%clk 1:00:00]} Ne4 {[%clk 0:39:15]} 18. Ndc6+
{[%clk 0:54:56]} Kd7 {[%clk 0:37:29]} 19. Ne5+ {[%clk 0:54:16]} Bxe5
{[%clk 0:32:53]} 20. Bxe5 {[%clk 0:54:33]} f6 {[%clk 0:31:56]} 21. Ba1
{[%clk 0:48:55]} Rxc1 {[%clk 0:27:30]} 22. Rxc1 {[%clk 0:49:15]} Rc8
{[%clk 0:27:58]} 23. Rxc8 {[%clk 0:43:09]} Kxc8 {[%clk 0:28:21]} 24. f3
{[%clk 0:42:58]} Nd2 {[%clk 0:26:49]} 25. e4 {[%clk 0:41:45]} Bc4
{[%clk 0:22:39]} 26. Bd1 {[%clk 0:40:16]} Kc7 {[%clk 0:20:23]} 27. Kf2
{[%clk 0:35:09]} Ba2 {[%clk 0:20:31]} 28. Bb2 {[%clk 0:30:54]} Ndc4
{[%clk 0:18:13]} 29. Nxc4 {[%clk 0:31:12]} bxc4 {[%clk 0:15:58]} 30. Ke3
{[%clk 0:29:29]} Bb3 {[%clk 0:15:24]} 31. Be2 {[%clk 0:27:56]} Kc6
{[%clk 0:13:27]} 32. f4 {[%clk 0:26:44]} Kb5 {[%clk 0:09:12]} 33. Bd4
{[%clk 0:25:29]} Na8 {[%clk 0:07:46]} 34. Bc5 {[%clk 0:20:22]} Nc7
{[%clk 0:07:40]} 35. Bd6 {[%clk 0:20:01]} Ne8 {[%clk 0:07:45]} 36. Bf8
{[%clk 0:19:51]} g6 {[%clk 0:07:07]} 37. Kd4 {[%clk 0:18:17]} Nc7
{[%clk 0:05:41]} 38. Bd6 {[%clk 0:12:59]} Ne8 {[%clk 0:05:59]} 39. Be7
{[%clk 0:13:10]} f5 {[%clk 0:01:33]} 40. exf5 {[%clk 0:40:56]} exf5
{[%clk 0:31:54]} 41. Bf3 {[%clk 0:38:47]} Ng7 {[%clk 0:15:23]} 42. Bd5
{[%clk 0:37:28]} Nh5 {[%clk 0:11:07]} 43. g3 {[%clk 0:37:13]} Ba2
{[%clk 0:11:30]} 44. Kc3 {[%clk 0:37:13]} Ng7 {[%clk 0:10:58]} 45. Bf6
{[%clk 0:35:42]} Ne8 {[%clk 0:10:25]} 46. Be5 {[%clk 0:36:01]} Kb6
{[%clk 0:10:50]} 47. a4 {[%clk 0:35:18]} a5 {[%clk 0:10:43]} 48. bxa5+
{[%clk 0:35:27]} Kc5 {[%clk 0:11:09]} 49. a6 {[%clk 0:33:31]} 1-0

[Event "Women's World Team Chess Championship"]
[Site "Khanty-Mansiysk, RUS."]
[Date "2017.06.26"]
[Round "9.17"]
[White "Dzagnidze Nana (GEO)"]
[Black "Foisor Sabina-Francesca (USA)"]
[Result "1/2-1/2"]
[BlackElo "2331"]
[WhiteElo "2533"]
[LiveChessVersion "1.4.8"]

1. d4 {[%clk 1:30:55]} Nf6 {[%clk 1:30:50]} 2. c4 {[%clk 1:31:17]} e6
{[%clk 1:31:16]} 3. Nc3 {[%clk 1:31:17]} Bb4 {[%clk 1:31:31]} 4. Nf3
{[%clk 1:31:10]} O-O {[%clk 1:29:37]} 5. Qc2 {[%clk 1:30:39]} c5 {[%clk 1:26:18]}
6. dxc5 {[%clk 1:30:25]} Na6 {[%clk 1:26:44]} 7. g3 {[%clk 1:30:34]} Nxc5
{[%clk 1:25:46]} 8. Bg2 {[%clk 1:30:54]} d6 {[%clk 1:22:23]} 9. O-O
{[%clk 1:30:38]} Bxc3 {[%clk 1:19:26]} 10. Qxc3 {[%clk 1:30:01]} a5
{[%clk 1:14:50]} 11. Rd1 {[%clk 1:20:11]} Nfe4 {[%clk 1:11:26]} 12. Qe3
{[%clk 1:09:32]} f5 {[%clk 1:08:09]} 13. b3 {[%clk 1:06:40]} Qf6 {[%clk 0:57:25]}
14. Ba3 {[%clk 1:06:52]} b6 {[%clk 0:46:17]} 15. Nd4 {[%clk 0:54:10]} e5
{[%clk 0:42:46]} 16. Nb5 {[%clk 0:53:57]} f4 {[%clk 0:39:59]} 17. gxf4
{[%clk 0:50:22]} exf4 {[%clk 0:40:25]} 18. Qd4 {[%clk 0:50:46]} Qg6
{[%clk 0:39:37]} 19. Kh1 {[%clk 0:50:42]} Bb7 {[%clk 0:34:00]} 20. f3
{[%clk 0:21:20]} Ng3+ {[%clk 0:29:36]} 21. hxg3 {[%clk 0:21:41]} Rae8
{[%clk 0:29:37]} 22. Re1 {[%clk 0:16:06]} Qh6+ {[%clk 0:24:08]} 23. Kg1
{[%clk 0:16:32]} fxg3 {[%clk 0:24:35]} 24. Kf1 {[%clk 0:10:23]} Re3
{[%clk 0:17:20]} 25. Bb2 {[%clk 0:03:38]} Bxf3 {[%clk 0:15:45]} 26. exf3
{[%clk 0:03:57]} Rfxf3+ {[%clk 0:15:44]} 27. Bxf3 {[%clk 0:04:25]} Rxf3+
{[%clk 0:08:41]} 28. Ke2 {[%clk 0:04:26]} Rf2+ {[%clk 0:07:53]} 29. Kd1
{[%clk 0:04:44]} Qh5+ {[%clk 0:08:12]} 30. Kc1 {[%clk 0:05:13]} Qg5+
{[%clk 0:07:16]} 31. Kd1 {[%clk 0:05:24]} Qh5+ {[%clk 0:06:22]} 32. Kc1
{[%clk 0:05:52]} Qg5+ {[%clk 0:06:28]} 1/2-1/2

[Event "Women's World Team Chess Championship"]
[Site "Khanty-Mansiysk, RUS."]
[Date "2017.06.26"]
[Round "9.18"]
[White "Nemcova Katerina (USA)"]
[Black "Khotenashvili Bela (GEO)"]
[Result "1/2-1/2"]
[BlackElo "2452"]
[WhiteElo "2313"]
[LiveChessVersion "1.4.8"]

1. d4 {[%clk 1:30:57]} Nf6 {[%clk 1:30:48]} 2. Bf4 {[%clk 1:31:14]} d5
{[%clk 1:30:51]} 3. e3 {[%clk 1:31:21]} e6 {[%clk 1:31:13]} 4. Nf3
{[%clk 1:30:49]} Bd6 {[%clk 1:31:22]} 5. Bg3 {[%clk 1:31:00]} O-O
{[%clk 1:31:19]} 6. Nbd2 {[%clk 1:30:13]} c5 {[%clk 1:31:21]} 7. c3
{[%clk 1:30:25]} Nc6 {[%clk 1:26:51]} 8. Bb5 {[%clk 1:29:00]} Ne7
{[%clk 1:20:36]} 9. Bd3 {[%clk 1:29:05]} Ng6 {[%clk 1:02:22]} 10. Ne5
{[%clk 1:28:07]} Qc7 {[%clk 0:58:41]} 11. f4 {[%clk 1:24:23]} b5 {[%clk 0:54:24]}
12. Bxb5 {[%clk 1:01:13]} Rb8 {[%clk 0:49:28]} 13. Qe2 {[%clk 0:44:34]} a6
{[%clk 0:39:21]} 14. Ba4 {[%clk 0:39:24]} cxd4 {[%clk 0:30:27]} 15. cxd4
{[%clk 0:37:15]} Rxb2 {[%clk 0:30:44]} 16. Nd3 {[%clk 0:35:53]} Rb8
{[%clk 0:24:28]} 17. O-O {[%clk 0:35:34]} Qa5 {[%clk 0:20:31]} 18. Bc2
{[%clk 0:28:19]} Bd7 {[%clk 0:09:43]} 19. a4 {[%clk 0:22:52]} Rfc8
{[%clk 0:09:24]} 20. Rfc1 {[%clk 0:21:01]} Qd8 {[%clk 0:05:08]} 21. Nc5
{[%clk 0:17:54]} a5 {[%clk 0:01:58]} 22. Ndb3 {[%clk 0:15:34]} Bc6
{[%clk 0:02:11]} 23. Be1 {[%clk 0:13:21]} Ra8 {[%clk 0:02:33]} 24. Bd3
{[%clk 0:12:08]} Ne7 {[%clk 0:01:55]} 25. Ba6 {[%clk 0:11:51]} Rcb8
{[%clk 0:00:51]} 26. Nxa5 {[%clk 0:11:27]} Bxc5 {[%clk 0:00:43]} 27. Nxc6
{[%clk 0:09:46]} Nxc6 {[%clk 0:01:11]} 28. Rxc5 {[%clk 0:09:50]} Ne7
{[%clk 0:00:46]} 29. Rac1 {[%clk 0:07:35]} Ra7 {[%clk 0:00:40]} 30. Ba5
{[%clk 0:07:04]} Qf8 {[%clk 0:00:35]} 31. Bc7 {[%clk 0:06:55]} Rba8
{[%clk 0:00:57]} 32. Bb5 {[%clk 0:06:55]} Ne4 {[%clk 0:01:18]} 33. R5c2
{[%clk 0:06:56]} h6 {[%clk 0:00:56]} 34. Bb6 {[%clk 0:05:55]} Rb7
{[%clk 0:00:38]} 35. a5 {[%clk 0:06:07]} Nd6 {[%clk 0:00:40]} 36. Ba6
{[%clk 0:05:03]} Rd7 {[%clk 0:00:57]} 37. h3 {[%clk 0:03:54]} Nc4
{[%clk 0:00:41]} 38. Bxc4 {[%clk 0:03:36]} dxc4 {[%clk 0:01:10]} 39. Rxc4
{[%clk 0:03:27]} Nd5 {[%clk 0:01:31]} 40. Qd3 {[%clk 0:32:14]} g6
{[%clk 0:30:38]} 41. Rc5 {[%clk 0:22:23]} Rb7 {[%clk 0:27:25]} 42. Rb5
{[%clk 0:21:31]} Qd6 {[%clk 0:23:41]} 43. Rcb1 {[%clk 0:20:33]} Qc6
{[%clk 0:23:13]} 44. R5b3 {[%clk 0:20:19]} h5 {[%clk 0:16:11]} 45. e4
{[%clk 0:15:03]} Nxf4 {[%clk 0:13:15]} 46. Qe3 {[%clk 0:15:01]} e5
{[%clk 0:09:50]} 47. dxe5 {[%clk 0:14:22]} Ne6 {[%clk 0:09:45]} 48. h4
{[%clk 0:12:37]} Rd7 {[%clk 0:07:51]} 49. Rc1 {[%clk 0:07:09]} Qa4
{[%clk 0:07:26]} 50. Rd3 {[%clk 0:07:10]} Rxd3 {[%clk 0:04:11]} 51. Qxd3
{[%clk 0:07:38]} Nf4 {[%clk 0:03:46]} 52. Qf3 {[%clk 0:07:48]} Ne6
{[%clk 0:03:49]} 53. Rf1 {[%clk 0:07:43]} Qd7 {[%clk 0:03:19]} 54. Qd1
{[%clk 0:07:23]} Qe7 {[%clk 0:00:35]} 55. Qd5 {[%clk 0:06:28]} Rb8
{[%clk 0:00:38]} 56. Qd6 {[%clk 0:06:06]} Qb7 {[%clk 0:01:05]} 57. Qd5
{[%clk 0:05:20]} Qe7 {[%clk 0:01:34]} 58. Qd6 {[%clk 0:04:56]} Qb7
{[%clk 0:02:03]} 59. Rc1 {[%clk 0:03:55]} Rf8 {[%clk 0:01:10]} 60. Qc6
{[%clk 0:03:35]} Qa6 {[%clk 0:00:51]} 61. Qc4 {[%clk 0:03:47]} Qb7
{[%clk 0:01:17]} 62. Be3 {[%clk 0:03:36]} Ra8 {[%clk 0:01:35]} 63. Qd5
{[%clk 0:02:41]} Qa6 {[%clk 0:02:04]} 64. Kf2 {[%clk 0:00:54]} Rd8
{[%clk 0:02:20]} 65. Qa2 {[%clk 0:01:12]} 1/2-1/2

[Event "Women's World Team Chess Championship"]
[Site "Khanty-Mansiysk, RUS."]
[Date "2017.06.26"]
[Round "9.19"]
[White "Batsiashvili Nino (GEO)"]
[Black "Yu Jennifer R (USA)"]
[Result "1-0"]
[BlackElo "2319"]
[WhiteElo "2469"]
[LiveChessVersion "1.4.8"]

1. d4 {[%clk 1:30:58]} d5 {[%clk 1:30:51]} 2. c4 {[%clk 1:31:25]} c6
{[%clk 1:31:15]} 3. Nf3 {[%clk 1:31:49]} Nf6 {[%clk 1:31:37]} 4. Qb3
{[%clk 1:32:14]} dxc4 {[%clk 1:31:59]} 5. Qxc4 {[%clk 1:32:42]} Bf5
{[%clk 1:32:14]} 6. g3 {[%clk 1:33:06]} e6 {[%clk 1:32:38]} 7. Bg2
{[%clk 1:33:33]} Nbd7 {[%clk 1:32:59]} 8. O-O {[%clk 1:33:48]} Be7
{[%clk 1:33:21]} 9. e3 {[%clk 1:33:58]} O-O {[%clk 1:33:41]} 10. Rd1
{[%clk 1:34:17]} Qc7 {[%clk 1:33:36]} 11. Nc3 {[%clk 1:34:35]} Nd5
{[%clk 1:33:45]} 12. Ne1 {[%clk 1:32:19]} Nxc3 {[%clk 1:33:55]} 13. Qxc3
{[%clk 1:30:41]} e5 {[%clk 1:27:06]} 14. dxe5 {[%clk 1:09:00]} Nxe5
{[%clk 1:27:07]} 15. e4 {[%clk 1:09:17]} Bg4 {[%clk 1:23:28]} 16. f3
{[%clk 1:03:21]} Be6 {[%clk 1:21:08]} 17. Nc2 {[%clk 0:54:49]} Nc4
{[%clk 0:57:45]} 18. f4 {[%clk 0:55:18]} Rad8 {[%clk 0:51:17]} 19. Re1
{[%clk 0:52:13]} b5 {[%clk 0:48:52]} 20. b3 {[%clk 0:50:55]} b4 {[%clk 0:41:28]}
21. Qf3 {[%clk 0:51:07]} Qb6+ {[%clk 0:40:10]} 22. Kh1 {[%clk 0:51:14]} Nd2
{[%clk 0:39:08]} 23. Qe3 {[%clk 0:41:56]} Bc5 {[%clk 0:37:00]} 24. Qe2
{[%clk 0:42:15]} Bd4 {[%clk 0:37:09]} 25. Bxd2 {[%clk 0:41:52]} Bxa1
{[%clk 0:37:34]} 26. Rxa1 {[%clk 0:42:00]} Bg4 {[%clk 0:37:03]} 27. Qe1
{[%clk 0:41:06]} a5 {[%clk 0:36:57]} 28. Ne3 {[%clk 0:36:43]} Bc8
{[%clk 0:37:17]} 29. Nc4 {[%clk 0:36:42]} Qb5 {[%clk 0:36:52]} 30. Rc1
{[%clk 0:35:05]} Ba6 {[%clk 0:34:19]} 31. e5 {[%clk 0:33:16]} Rd5
{[%clk 0:24:27]} 32. Be3 {[%clk 0:30:06]} Rfd8 {[%clk 0:20:44]} 33. Nd6
{[%clk 0:27:42]} R8xd6 {[%clk 0:19:36]} 34. exd6 {[%clk 0:28:10]} Rxd6
{[%clk 0:20:00]} 35. Rc5 {[%clk 0:27:46]} Qd3 {[%clk 0:20:23]} 36. Rxc6
{[%clk 0:26:49]} Rd7 {[%clk 0:18:20]} 37. Bg1 {[%clk 0:26:38]} Rd8
{[%clk 0:16:45]} 38. Qe7 {[%clk 0:25:23]} Bc8 {[%clk 0:15:55]} 39. Rc7
{[%clk 0:24:24]} Be6 {[%clk 0:16:19]} 40. f5 {[%clk 0:54:18]} 1-0

[Event "Women's World Team Chess Championship"]
[Site "Khanty-Mansiysk, RUS."]
[Date "2017.06.26"]
[Round "9.20"]
[White "Gorti Akshita (USA)"]
[Black "Melia Salome (GEO)"]
[Result "0-1"]
[BlackElo "2393"]
[WhiteElo "2240"]
[LiveChessVersion "1.4.8"]

1. d4 {[%clk 1:30:58]} Nf6 {[%clk 1:30:50]} 2. c4 {[%clk 1:31:19]} e6
{[%clk 1:31:13]} 3. Nf3 {[%clk 1:31:42]} c5 {[%clk 1:31:34]} 4. d5
{[%clk 1:31:51]} d6 {[%clk 1:31:49]} 5. Nc3 {[%clk 1:31:50]} exd5
{[%clk 1:32:08]} 6. cxd5 {[%clk 1:32:13]} g6 {[%clk 1:32:33]} 7. Bf4
{[%clk 1:32:26]} Bg7 {[%clk 1:32:37]} 8. h3 {[%clk 1:31:51]} O-O {[%clk 1:32:56]}
9. e3 {[%clk 1:32:09]} Na6 {[%clk 1:33:06]} 10. Be2 {[%clk 1:26:24]} Nc7
{[%clk 1:33:28]} 11. a4 {[%clk 1:21:05]} Re8 {[%clk 1:30:08]} 12. O-O
{[%clk 1:19:19]} Ne4 {[%clk 1:29:58]} 13. Nxe4 {[%clk 1:15:47]} Rxe4
{[%clk 1:30:25]} 14. Nd2 {[%clk 1:15:56]} Rxf4 {[%clk 1:26:56]} 15. exf4
{[%clk 1:16:18]} Nxd5 {[%clk 1:26:44]} 16. Ne4 {[%clk 1:02:44]} Nxf4
{[%clk 1:25:09]} 17. Qd2 {[%clk 1:02:20]} Qh4 {[%clk 1:09:59]} 18. Bg4
{[%clk 0:50:14]} Be5 {[%clk 0:59:31]} 19. Bxc8 {[%clk 0:49:12]} Rxc8
{[%clk 0:59:42]} 20. Ng3 {[%clk 0:49:02]} Qg5 {[%clk 0:57:51]} 21. Qd1
{[%clk 0:41:14]} Bxb2 {[%clk 0:48:49]} 22. Rb1 Bd4 {[%clk 0:49:11]} 23. Qf3
{[%clk 0:39:34]} Qxg3 {[%clk 0:38:48]} 24. Qxg3 {[%clk 0:39:15]} Ne2+
{[%clk 0:39:16]} 25. Kh2 {[%clk 0:39:05]} Nxg3 {[%clk 0:39:44]} 26. Kxg3
{[%clk 0:39:11]} Rc7 {[%clk 0:38:33]} 27. Kf3 {[%clk 0:37:52]} d5
{[%clk 0:31:39]} 28. Rfe1 {[%clk 0:34:44]} Kf8 {[%clk 0:30:22]} 29. Ke2
{[%clk 0:34:28]} Ke7 {[%clk 0:27:19]} 30. Kd3+ {[%clk 0:33:00]} Kd7
{[%clk 0:27:26]} 31. f4 {[%clk 0:32:56]} Bf6 {[%clk 0:25:53]} 32. g4
{[%clk 0:32:56]} c4+ {[%clk 0:21:31]} 33. Kd2 {[%clk 0:33:08]} Kc6
{[%clk 0:18:04]} 34. g5 {[%clk 0:30:38]} Be7 {[%clk 0:17:35]} 35. h4
{[%clk 0:28:31]} a5 {[%clk 0:15:12]} 36. Rf1 {[%clk 0:27:44]} Bb4+
{[%clk 0:15:23]} 37. Kc2 {[%clk 0:25:08]} d4 {[%clk 0:10:20]} 38. Rbd1
{[%clk 0:22:51]} d3+ {[%clk 0:10:38]} 39. Kb2 {[%clk 0:23:13]} Re7
{[%clk 0:10:26]} 40. f5 {[%clk 0:53:03]} Re2+ {[%clk 0:31:22]} 41. Kb1
{[%clk 0:53:10]} b5 {[%clk 0:24:20]} 42. axb5+ {[%clk 0:52:03]} Kxb5
{[%clk 0:23:50]} 43. fxg6 {[%clk 0:51:48]} fxg6 {[%clk 0:24:15]} 44. Rf7
{[%clk 0:51:54]} 0-1